[Event "AUTO-INT-335"]
[Site "http://www.queenalice.com/game.php?id=163773"]
[Date "2007.2.5"]
[Round "1"]
[White "Nach"]
[Black "Pilzi"]
[Result "1-0"]
[WhiteElo "1826"]
[BlackElo "1355"]

1. d4 Nc6 2. c4 d5 3. Nc3 e6 4. Nf3 f5 5. Bg5 Nf6 6. cxd5 exd5 7. Qb3 h6 8. Bxf6
gxf6 9. Qxd5 a6 10. e4 Be7 11. Bc4 Qd6 12. Qf7+ Kd7 13. e5 fxe5 14. O-O-O Nxd4
15. Nxd4 exd4 16. Rxd4 Qxd4 17. Rd1 c5 18. Rxd4+ cxd4 19. Nd5 Re8 20. Nb6+ Kd8
21. Nxa8 Bg5+ 22. Kc2 Re7 23. Qf8+ Re8 24. Qd6+ Bd7 25. Nb6 Re2+ 26. Kb3 Re7 27.
Qb8+ Bc8 28. Qxc8# 1-0

[Event "AUTO-INT-335"]
[Site "http://www.queenalice.com/game.php?id=163774"]
[Date "2007.2.5"]
[Round "1"]
[White "Pilzi"]
[Black "Nach"]
[Result "1-0"]
[WhiteElo "1387"]
[BlackElo "1754"]

1. e4 c5 2. e5 Nc6 3. f4 d6 4. d4 dxe5 5. d5 Nb4 6. c4 Bf5 7. Nc3 Nc2+ 8. Kf2
Nxa1 9. fxe5 Nc2 10. Be3 Nxe3 11. Kxe3 Nh6 12. h3 Qc7 13. Qa4+ Bd7 14. Qc2 Qxe5+
15. Kd2 Nf5 16. Ne4 Nd4 17. Qd3 Bf5 18. Nf3 Qf4+ 19. Qe3 Qxe4 20. Ne1 Qxe3+ 21.
Kxe3 Nc2+ 22. Nxc2 Bxc2 23. g4 e6 24. Bg2 O-O-O 25. Rc1 exd5 26. Rxc2 d4+ 27.
Kd3 Bd6 28. Re2 Rde8 29. g5 Rxe2 30. Kxe2 Re8+ 31. Kd1 Re3 32. a3 Rg3 33. Be4
Kc7 34. h4 Rg4 35. Bxh7 Rxh4 36. Bg8 Rh2 37. Bxf7 d3 38. b4 d2 39. b5 Bf4 40.
Bd5 Rf2 41. Kc2 Rf1 42. a4 d1=Q+ 43. Kc3 1-0

[Event "Challenge"]
[Site "http://www.queenalice.com/game.php?id=166643"]
[Date "2007.2.10"]
[Round "-"]
[White "Bitencourt"]
[Black "Nach"]
[Result "0-1"]
[WhiteElo "1156"]
[BlackElo "1830"]

1. d4 Nf6 2. c4 g6 3. Nf3 Bg7 4. e3 O-O 5. Nc3 d6 6. Bd3 Nbd7 7. O-O c6 8. Qc2
e5 9. Rd1 Qc7 10. b3 a5 11. Bb2 exd4 12. exd4 b6 13. a4 Bb7 14. h3 Nh5 15. Qd2
Rfe8 16. Re1 Nf8 17. Ne2 Re7 18. Nf4 Nxf4 19. Qxf4 Ne6 20. Re2 Nxf4 0-1

[Event "Challenge"]
[Site "http://www.queenalice.com/game.php?id=167280"]
[Date "2007.2.11"]
[Round "-"]
[White "Goles_Giovano"]
[Black "Nach"]
[Result "1-0"]
[WhiteElo "2003"]
[BlackElo "1845"]

1. d4 Nf6 2. c4 g6 3. Nc3 Bg7 4. e4 d6 5. f3 O-O 6. Bd3 e5 7. d5 Nh5 8. Nge2
Qh4+ 9. g3 Qh3 10. Kf2 Na6 11. Be3 Nc5 12. Nb5 Qd7 13. g4 Nf4 14. Nxf4 exf4 15.
Bxf4 Bxb2 16. Rb1 Bg7 17. Bc2 a6 18. Nd4 Qe7 19. Qd2 Qf6 20. Nb3 Nxb3 21. Rxb3
Qh4+ 22. Kg2 h6 23. c5 dxc5 24. Bxc7 b5 25. Bd6 c4 26. Bxf8 Bxg4 27. fxg4 cxb3
28. Bxb3 1-0

[Event "Challenge"]
[Site "http://www.queenalice.com/game.php?id=167281"]
[Date "2007.2.11"]
[Round "-"]
[White "Nach"]
[Black "Goles_Giovano"]
[Result "0-1"]
[WhiteElo "1835"]
[BlackElo "2013"]

1. d4 Nf6 2. c4 g6 3. Nc3 Bg7 4. e4 d6 5. Nf3 O-O 6. Be2 e5 7. O-O Nc6 8. d5 Ne7
9. Ne1 Nd7 10. Be3 f5 11. f3 f4 12. Bf2 g5 13. Rc1 Nf6 14. c5 Bd7 15. cxd6 cxd6
16. Qb3 g4 17. Qxb7 gxf3 18. Nxf3 Rb8 19. Qa6 Rxb2 20. Bxa7 Bc8 21. Qa3 Rxe2 22.
Nxe2 Nxe4 23. Rfd1 Bg4 24. Rc4 Nf6 25. Nc3 Nf5 26. Qa4 Qe7 27. Bb6 Qf7 0-1

[Event "Challenge"]
[Site "http://www.queenalice.com/game.php?id=167291"]
[Date "2007.2.11"]
[Round "-"]
[White "VladimirSpirin"]
[Black "Nach"]
[Result "0-1"]
[WhiteElo "1838"]
[BlackElo "1802"]

1. b3 d5 2. Bb2 Nf6 3. g3 c5 4. Bg2 Nc6 5. d3 e5 6. e3 Be7 7. Ne2 Be6 8. h3 O-O
9. O-O Qd7 10. Kh2 Rac8 11. Na3 d4 12. e4 Ne8 13. f4 f5 14. fxe5 Nxe5 15. Nf4
fxe4 16. Nxe6 Qxe6 17. Rxf8+ Kxf8 18. Bxe4 Kg8 19. Qe2 Nd6 20. Bg2 Nf5 21. Nc4
Bf6 22. Qe4 b5 23. Nxe5 Bxe5 24. Qb7 Bxg3+ 25. Kh1 Ne3 26. Rc1 Rf8 27. Rg1 g6
28. Bc1 Kh8 29. Bxe3 dxe3 30. Qxb5 e2 31. Qxc5 Bd6 32. Qd4+ Qe5 33. Qxe5+ Bxe5
34. Re1 Rf2 35. Kg1 Bd4 0-1

[Event "Challenge"]
[Site "http://www.queenalice.com/game.php?id=168499"]
[Date "2007.2.14"]
[Round "-"]
[White "rockrodrigues"]
[Black "Nach"]
[Result "1-0"]
[WhiteElo "1721"]
[BlackElo "1851"]

1. e4 c5 2. Nf3 d6 3. h3 Nf6 4. Bb5+ Nc6 5. Bxc6+ bxc6 6. d3 e6 7. e5 Nd7 8.
exd6 Bxd6 9. c4 O-O 10. O-O Rb8 11. Nc3 Ne5 12. Rb1 Qe7 13. Qe2 Nxf3+ 14. Qxf3
Bb7 15. Re1 Ba8 16. b3 Rbd8 17. Ba3 Qd7 18. Ne4 Be7 19. Red1 Qd4 20. Qg4 f5 21.
Qg3 fxe4 22. Bb2 Qxf2+ 23. Qxf2 Rxf2 24. Kxf2 exd3 25. Bc1 Bf6 26. Bd2 Bd4+ 27.
Kf3 Rf8+ 28. Ke4 Rf2 29. Kxd3 Rxg2 30. Rf1 Rg3+ 31. Kc2 Bb7 32. Rbe1 Bc8 33. Bf4
Rxh3 34. Bd6 1-0

[Event "Challenge"]
[Site "http://www.queenalice.com/game.php?id=172830"]
[Date "2007.2.23"]
[Round "-"]
[White "Nach"]
[Black "pawn_buzzard"]
[Result "1-0"]
[WhiteElo "1819"]
[BlackElo "1717"]

1. d4 d5 2. c4 Bf5 3. Nc3 c6 4. e3 Nh6 5. cxd5 cxd5 6. Bb5+ Nc6 7. Qb3 Be6 8.
Nge2 g6 9. Nf4 Qd6 10. Ncxd5 a6 11. Nxe6 fxe6 12. Bxc6+ Qxc6 13. Nb6 Qxg2 14.
Rf1 Rd8 15. Qxe6 Qxh2 16. Nd5 Qd6 17. Nf6# 1-0

[Event "Challenge"]
[Site "http://www.queenalice.com/game.php?id=175547"]
[Date "2007.3.1"]
[Round "-"]
[White "israelramos"]
[Black "Nach"]
[Result "1-0"]
[WhiteElo "1772"]
[BlackElo "1798"]

1. e4 c5 2. Bc4 e6 3. Nh3 d5 4. exd5 exd5 5. Bb5+ Nc6 6. Nf4 Nf6 7. h3 Bd6 8.
Ne2 O-O 9. O-O Bc7 10. Bxc6 bxc6 11. d3 Nh5 12. Nec3 Qd6 13. f4 Ng3 14. Rf3 Nf5
15. b3 Qg6 16. Qe1 Nd4 17. Rg3 Qf6 18. Qf2 Nf5 19. Rf3 Re8 20. Nd2 Qxc3 21. Rb1
Qd4 22. Bb2 Qxf2+ 23. Rxf2 Bd7 24. Kh1 Re7 25. Ba3 Bd6 26. Bc1 Rae8 27. Ba3 Re1+
28. Rxe1 Rxe1+ 29. Kh2 g5 30. g3 gxf4 31. gxf4 Re3 32. Bc1 Nh4 33. Nf1 Rxh3+ 34.
Kg1 c4 35. d4 c5 36. c3 Bg4 37. Ne3 Bf3 38. Ng2 Bxg2 39. Rxg2+ Nxg2 40. Kxg2
Rxc3 41. Ba3 cxd4 42. Bxd6 cxb3 43. axb3 Rxb3 44. Bc5 a5 45. Bxd4 1-0